Alegoría del patrimonio

Guardat en:
Dades bibliogràfiques
Autor principal: Choay, Francoise (Autor)
Format: Llibre
Idioma:espanyol
Publicat: Barcelona Gustavo Gili 2007
Matèries:
Etiquetes: Afegir etiqueta
Sense etiquetes, Sigues el primer a etiquetar aquest registre!

MARC

LEADER 00000cam a2200000 a 4500
001 UCF0442
003 CL-VaPUC
008 120517e20070000SP |||||||||||||||||spa|d
020 |a 9788425222368 
082 0 4 |a 711.4  |b CHO  |2 21 
100 0 |a Choay, Francoise  |e author  |9 562250 
245 1 0 |a Alegoría del patrimonio 
300 |a 257 p 
942 |c BK 
945 |d 20120517 00:00:00  |a dcastane 
260 |a Barcelona  |b Gustavo Gili  |c 2007 
650 7 |a PATRIMONIO HISTORICO  |2 CL-VaPUC  |9 519787 
650 0 |a Planificación urbana   |9 258176 
650 0 |a Urbanismo  |9 255208 
650 0 |a Diseño urbano  |9 337440 
650 0 |a Espacios públicos  |9 468964 
583 |a last modification  |c 20121105 01:45:00  |k Rodrigo Vera 
999 |c 347759  |d 347757 
952 |0 0  |1 0  |4 0  |6 711_400000000000000_CHO_2007  |7 0  |8 A  |9 449351  |a BIBARQ  |b BIBARQ  |d 2019-11-22  |i 4867661  |o 711.4 CHO 2007  |p 4867661  |r 2025-01-20  |w 2019-11-22  |y BK  |k ARQ